000 00468nam a2200181Ia 4500
001 9358
005 20260306161712.0
008 260306t2015||||xx |||||||||||||| ||spa||
041 _aESP
082 _a378.125
_bL565
100 _aLondoño Orozco, Guillermo
_eAUT
245 0 _aFormación y evaluación por competencias en educación superior
260 _c2015
300 _a213 páginas :
_c23 cm.
650 _aGEN
654 _aCED
942 _cLIB
_dJUS
_fJUS
_2ddc
_n
999 _c9358
_d9358